| 000 | 00666nam a2200193Ia 4500 | ||
|---|---|---|---|
| 003 | GCL | ||
| 008 | 140319s9999 xx 000 0 ara d | ||
| 040 |
_aGCL / _cGCL |
||
| 082 | 0 | 4 |
_a923.4538 _bم ع |
| 100 | 1 | _aمحمد بن ناصر العجمى | |
| 245 | 1 | 0 |
_aعلامة الكويت الشيخ عبداللة الخلف الدحيان / _cمحمد بن ناصر العجمى |
| 260 |
_a[S.N] : _bمركز البحوث والدراسات الكويتية ، _c1994 |
||
| 300 | _a457 ص | ||
| 490 | _a | ||
| 650 | 0 | 4 | _aالكويت - تراجم |
| 650 | 0 | 4 | _aالعلماء الكويتيون |
| 650 | 0 | 4 | _aالقضاة الكويتيون |
| 942 |
_2ddc _cBK |
||
| 999 |
_c30026 _d30026 |
||